Catálogo
 En Linea

De víctimas de la violenciaa buscadores de la vida : (Registro nro. 24961)

Detalles MARC
000 -CABECERA
campo de control de longitud fija 00883nam a2200217 a 4500
001 - NÚMERO DE CONTROL
campo de control 000025469
005 - FECHA Y HORA DE LA ÚLTIMA TRANSACCIÓN
campo de control 20200930023818.0
008 - DATOS DE LONGITUD FIJA--INFORMACIÓN GENERAL
campo de control de longitud fija 110214s1999 ck r 000 0 spa d
020 ## - NÚMERO INTERNACIONAL ESTÁNDAR DEL LIBRO
Número Internacional Estándar del Libro 9586831043
040 ## - FUENTE DE LA CATALOGACIÓN
Centro catalogador/agencia de origen DO-SdBNP
Lengua de catalogación spa
Centro/agencia transcriptor BNPHU
082 ## - NÚMERO DE LA CLASIFICACIÓN DECIMAL DEWEY
Número de clasificación nn*
Número de documento/Ítem nn*
049 ## - FONDOS LOCALES (OCLC)
Fondos de biblioteca BNGR
100 1# - ENTRADA PRINCIPAL--NOMBRE DE PERSONA
Nombre de persona Lozano V., Fabio Alberto.
9 (RLIN) 52090
245 10 - MENCIÓN DE TÍTULO
Título De víctimas de la violenciaa buscadores de la vida :
Resto del título formación, acompañamiento y asesoría a desplazados Tierralta, Córdoba /
Mención de responsabilidad, etc. Fabio Alberto Lozano V. y Flor Edilma Osorio P.
260 ## - PUBLICACIÓN, DISTRIBUCIÓN, ETC.
Lugar de publicación, distribución, etc. Santa Fe de Bogotá :
Nombre del editor, distribuidor, etc. Instituto de Estudios Rurales. Facultad de Estudios Ambientales y Rurales. Pontificia Universidad Javeriana,
Fecha de publicación, distribución, etc. 1999.
300 ## - DESCRIPCIÓN FÍSICA
Extensión 150 p. ;
Dimensiones 24 cm.
490 1# - MENCIÓN DE SERIE
Mención de serie Acción Cultural Popular
504 ## - NOTA DE BIBLIOGRAFÍA, ETC.
Nota de bibliografía, etc. Bibliografía : [149]-150 p.
700 1# - PUNTO DE ACCESO ADICIONAL--NOMBRE DE PERSONA
Nombre de persona Osorio P., Flor Edilma.
9 (RLIN) 52091
830 #0 - PUNTO DE ACCESO ADICIONAL DE SERIE-TÍTULO UNIFORME
Título uniforme Acción Cultural Popular
9 (RLIN) 52092
Existencias
Estado de retiro Estado de pérdida Restricciones de uso No para préstamo Código de colección Localización permanente Ubicación/localización actual Ubicación en estantería Fecha de adquisición Número de inventario Total de préstamos Signatura topográfica completa Código de barras Fecha visto por última vez Precio válido a partir de Tipo de ítem Koha
        Monografías: Libros y Folletos General General En catalogación 16.02.2011 LF1   nn* nn* 25469-10 25.06.2020 25.06.2020 Préstamo en sala

Con tecnología Koha